000 00605nam a2200241Ia 4500
003 OSt
005 20220918194232.0
006 a|||||r|||| 00| 0
007 ta
008 220917b |||||||| |||| 00| 0 eng d
024 _a78,433
037 _cTextual
040 _aARTS
_cARTS
_beng
041 _2eng
_aeng
082 _aS0R, K7
100 _aKovesi Julius
_984048
245 0 _aMoral notions
260 _c1967
490 _astudies in philosophical psychology ed by R F Holland
650 _aPSYCHOLOGY
942 _hS0R, K7
_cTEXL
_2CC
999 _c202231
_d202231